Online
Catalog

Trujillo / (Record no. 30879)

MARC details
000 -CABECERA
campo de control de longitud fija 01344nam a2200313 c 4500
001 - NÚMERO DE CONTROL
campo de control 000031387
003 - IDENTIFICADOR DEL NÚMERO DE CONTROL
campo de control DO-SdBNP
005 - FECHA Y HORA DE LA ÚLTIMA TRANSACCIÓN
campo de control 20240409073643.0
006 - CÓDIGOS DE INFORMACIÓN DE LONGITUD FIJA--CARACTERÍSTICAS DEL MATERIAL ADICIONAL
campo de control de longitud fija a||||gr|||| 00| 0
007 - CAMPO FIJO DE DESCRIPCIÓN FÍSICA--INFORMACIÓN GENERAL
campo de control de longitud fija ta
008 - DATOS DE LONGITUD FIJA--INFORMACIÓN GENERAL
campo de control de longitud fija 110331t1945 dr ac 001 0bspa d
040 ## - FUENTE DE LA CATALOGACIÓN
Centro catalogador/agencia de origen DO-SdBNP
Lengua de catalogación spa
Centro/agencia transcriptor BNPHU
Normas de descripción rda
082 #4 - NÚMERO DE LA CLASIFICACIÓN DECIMAL DEWEY
Número de clasificación 923.17293
Número de documento/Ítem T866n, 1945
Número de edición 22
100 1# - ENTRADA PRINCIPAL--NOMBRE DE PERSONA
Nombre de persona Nanita, Abelardo R.
9 (RLIN) 45855
Término indicativo de función/relación autor
245 10 - MENCIÓN DE TÍTULO
Título Trujillo /
Mención de responsabilidad, etc. Abelardo R. Nanita.
250 ## - MENCIÓN DE EDICIÓN
Mención de edición 4a edición revisada. y aumentada
264 ## - PRODUCCIÓN, PUBLICACIÓN, DISTRIBUCIÓN, FABRICACIÓN Y COPYRIGHT
Producción, publicación, distribución, fabricación y copyright Santiago, República Dominicana :
Nombre del de productor, editor, distribuidor, fabricante Editorial El Diario,
Fecha de producción, publicación, distribución, fabricación o copyright [1945].
300 ## - DESCRIPCIÓN FÍSICA
Extensión 151 páginas :
Otras características físicas Ilustraciones, retratos. ;
Dimensiones 20 cm.
336 ## - TIPO DE CONTENIDO
Fuente rdacontent
Término de tipo de contenido texto
Código de tipo de contenido txt
337 ## - TIPO DE MEDIO
Fuente rdamedia
Nombre/término del tipo de medio sin mediación
Código del tipo de medio n
338 ## - TIPO DE SOPORTE
Fuente rdacarreir
Nombre/término del tipo de soporte volumen
Código del tipo de soporte nc
500 ## - NOTA GENERAL
Nota general Abelardo R. Nanita, senador de la República, ex Presidente de la Cámara de Diputados, ex Secretario de Estado, etc.
500 ## - NOTA GENERAL
Nota general Incluye bibliografía y notas al pie de páginas.
505 ## - NOTA DE CONTENIDO CON FORMATO
Nota de contenido con formato Prefacio.
Información miscelánea Primera Parte.
Título El Hombre.--
Información miscelánea Segunda Parte.
Título Es Estadista.--
Información miscelánea Apéndice I:
Título Carta del autor el Prof. Luis C. del Castillo.--
Información miscelánea Apéndice II:
Título Mensaje del Honorable Presidente Dr. Troncoso de la Concha.
590 ## - NOTA LOCAL (RLIN)
Nota local Inventariado 2024 / MF
600 10 - PUNTO DE ACCESO ADICIONAL DE MATERIA--NOMBRE DE PERSONA
Nombre de persona Trujillo Molina, Rafael Leónidas,
Fechas asociadas al nombre 1891-1961
9 (RLIN) 76764
910 ## - DATOS DE OPCIÓN DEL USUARIO (OCLC)
Datos de opción del usuario Validado. Control de calidad EMS.
942 ## - ELEMENTOS DE PUNTO DE ACCESO ADICIONAL (KOHA)
Fuente del sistema de clasificación o colocación Dewey Decimal Classification
Tipo de ítem Koha Libro
Holdings
Estado de retiro Estado de pérdida Fuente del sistema de clasificación o colocación Restricciones de uso No para préstamo Código de colección Localización permanente Ubicación/localización actual Ubicación en estantería Fecha de adquisición Fuente de adquisición Total de préstamos Signatura topográfica completa Código de barras Fecha visto por última vez Número de copia Precio válido a partir de Tipo de ítem Koha Número de inventario Nota pública
    Dewey Decimal Classification Excluido de préstamo   Patrimonio Dominicano Raros y Valiosos Biblioteca Nacional Pedro Henríquez Ureña Biblioteca Nacional Pedro Henríquez Ureña Depósito 09.07.1973 Perteneció a la biblioteca personal de Julio Ortega Frier.   923.17293 T866n, 1945 31387-20 25.06.2020 e. 2 25.06.2020 Libro    
    Dewey Decimal Classification Excluido de préstamo   Patrimonio Dominicano Raros y Valiosos Biblioteca Nacional Pedro Henríquez Ureña Biblioteca Nacional Pedro Henríquez Ureña Depósito 19.12.2014 Donado por Barbara Suncar   923.17293 T866n, 1945 2024-0334 19.01.2024   19.01.2024 Libro    
    Dewey Decimal Classification   Excluido de préstamo Raros y valiosos Patrimonio Dominicano Patrimonio Dominicano Depósito 20.06.2011     923.17293 T866n, 1945 31387-10 25.06.2020   25.06.2020 No se presta LF1 Perteneció a la biblioteca personal de Germán Emilio Ornes.

Powered by Koha